| 000 | 00720cam a2200181 4500 | ||
|---|---|---|---|
| 001 | WS118800 | ||
| 008 | 020712n 000 0 eng u | ||
| 035 | _a(Sirsi) u118800 | ||
| 110 |
_aNorthern Ireland Office _9659 |
||
| 245 | _aNorthern Ireland Office | ||
| 520 | _aWeb site for this government department which supports the Secretary of State for Northern Ireland who retains responsibility for constitutional and security issues as they relate to Northern Ireland following devolution. | ||
| 650 | _aGOVERNMENT | ||
| 650 | _aNORTHERN IRELAND | ||
| 650 | _aTELECOMMUNICATIONS | ||
| 650 |
_aValuation _96273 |
||
| 856 | 4 | 0 |
_uhttps://www.nio.gov.uk _zView the website free of charge at www.nio.gov.uk... |
| 942 | _n0 | ||
| 999 |
_c120083 _d120083 |
||